وتہلو / (Record no. 107007)

MARC details
000 -LEADER
fixed length control field 00628nam a22002177a 4500
005 - DATE AND TIME OF LATEST TRANSACTION
control field 20170123162320.0
010 ## - LIBRARY OF CONGRESS CONTROL NUMBER
LC control number 447495
035 ## - SYSTEM CONTROL NUMBER
System control number 447495
037 ## - SOURCE OF ACQUISITION
Source of stock number/acquisition Cen Lib/Ret
040 ## - CATALOGING SOURCE
Original cataloging agency DPL
Language of cataloging UR
082 ## - DEWEY DECIMAL CLASSIFICATION NUMBER
Classification number 842
Item number ش ی ک
100 ## - MAIN ENTRY--PERSONAL NAME
Personal name شکسپیر؛ ولیم
9 (RLIN) 399
245 ## - TITLE STATEMENT
Title وتہلو /
Statement of responsibility, etc ولیم شکسپیر
246 ## - VARYING FORM OF TITLE
Title proper/short title Othelo /
Remainder of title by William Shekspear
300 ## - PHYSICAL DESCRIPTION
Extent 168p.
Dimensions 19cm(Hb)
650 ## - SUBJECT ADDED ENTRY--TOPICAL TERM
Topical term or geographic name as entry element انگلش ادب
9 (RLIN) 108872
650 ## - SUBJECT ADDED ENTRY--TOPICAL TERM
Topical term or geographic name as entry element انگلش ڈرامہ
9 (RLIN) 400
650 ## - SUBJECT ADDED ENTRY--TOPICAL TERM
Topical term or geographic name as entry element English literature
9 (RLIN) 116597
650 ## - SUBJECT ADDED ENTRY--TOPICAL TERM
Topical term or geographic name as entry element English drama
9 (RLIN) 116598
942 ## - ADDED ENTRY ELEMENTS (KOHA)
Source of classification or shelving scheme Dewey Decimal Classification
Koha item type Urdu Bks
Classification part 842
Call number suffix ش ی ک
Holdings
Withdrawn status Lost status Damaged status Not for loan Home library Current library Date acquired Source of acquisition Cost, normal purchase price Total Checkouts Full call number Barcode Date last seen Copy number Cost, replacement price Price effective from Koha item type
        Central Library Central Library 01/01/2016 Cen Lib/Ret 0.00   842 ش ی ک 447495 01/01/2016 1 0.00 01/01/2016 Urdu Bks

© Delhi Public Library
Hit Counter
free hit counter